000 00762cam a2200217 4500
001 1224897
003 ARRUPE
005 20131008173239.0
008 731003s1966 mdu 000 0 eng
010 _a 66009264
040 _aDLC
_cDLC
_dDLC
050 0 0 _aBV2180
_b.S8 1966
100 1 _aStraelen, H. J. J. M. van
_q(Henricus Johannes Josephus Maria),
_d1903-2004.
_92293
245 1 4 _aThe Catholic encounter with world religions,
_cby H. van Straelen. With a pref. by Paul Cardinal Marella.
260 _aWestminster, Md.,
_bNewman Press
_c[1966]
300 _a202 p.
_c25 cm.
610 2 0 _aCatholic Church
_xMissions.
_92294
610 2 0 _aCatholic Church
_xRelations.
_92295
906 _a7
_bcbc
_corignew
_du
_eocip
_f19
_gy-gencatlg
942 _2lcc
_cMONOGRAPH
999 _c118292
_d118292